000 00307nam a2200133Ia 4500
005 20260328101451.0
008 260328s9999||||xx |||||||||||||| ||und||
100 _aLee, Uje
245 0 _aArchitecture for Public /
_cUje Lee
260 _bC3
300 _a248 p.
650 _aARQUITECTURA CIVIL
942 _cBK
999 _c8652
_d8652